LEADER 01270nam0 22002891i 450 001 SUN0021184 005 20151112110146.580 010 $a88-203-1975-6 100 $a20040803d1996 |0itac50 ba 101 $aita 102 $aIT 105 $a|||| ||||| 200 1 $aAtlante di ecologia$efondamenti, ecologia generale, ecosistemi, problemi globali e soluzioni possibili$etavole e testi$fDieter Heinrich, Manfred Hergt 210 $aMilano$cHoepli$d1996 215 $a286 p.$cill.$d19 cm. 454 1$1001SUN0078363$12001 $aDTV-Atlas zur Okologie$91400556 620 $dMilano$3SUNL000284 676 $a577$cEcologia$v22 700 1$aHeinrich$b, Dieter$3SUNV017493$0357280 701 1$aHergt$b, Manfred$3SUNV017494$079390 712 $aHoepli$3SUNV000715$4650 801 $aIT$bSOL$c20181109$gRICA 912 $aSUN0021184 950 $aUFFICIO DI BIBLIOTECA DEL DIPARTIMENTO DI SCIENZE E TECNOLOGIE AMBIENTALI BIOLOGICHE E FARMACEUTICHE$d17 CONS Ea7 $e17 FSA267 995 $aUFFICIO DI BIBLIOTECA DEL DIPARTIMENTO DI SCIENZE E TECNOLOGIE AMBIENTALI BIOLOGICHE E FARMACEUTICHE$bIT-CE0101$gFSA$h267$kCONS Ea7$oc$qa 996 $aDTV-Atlas zur Okologie$91400556 997 $aUNICAMPANIA LEADER 02436nam 2200553 a 450 001 9910460354203321 005 20200520144314.0 010 $a1-60223-123-0 035 $a(CKB)2670000000081246 035 $a(EBL)1820951 035 $a(SSID)ssj0000484378 035 $a(PQKBManifestationID)12190551 035 $a(PQKBTitleCode)TC0000484378 035 $a(PQKBWorkID)10594695 035 $a(PQKB)10012852 035 $a(MiAaPQ)EBC1820951 035 $a(Au-PeEL)EBL1820951 035 $a(CaPaEBR)ebr10457084 035 $a(OCoLC)893740799 035 $a(EXLCZ)992670000000081246 100 $a20100719d2011 uy 0 101 0 $aeng 135 $aur|n|---||||| 181 $ctxt 182 $cc 183 $acr 200 10$aFinding Mars$b[electronic resource] /$fNed Rozell 210 $aFairbanks, Alaska $cUniversity of Alaska Press$dc2011 215 $a1 online resource (202 p.) 300 $aDescription based upon print version of record. 311 $a1-60223-122-2 320 $aIncludes bibliographical references. 327 $aNot like the other boys -- Fourth rock from the sun -- Wretched little port -- Empty spots -- Wind is the eskimo's friend -- Dare to fail -- Usually, you die -- Secret of the permafrost -- To the end of the Earth -- The wine-dark sea -- The night of winter -- Some kind of big changing. 330 $aFinding Mars is an interwoven tale of science, travel, and adventure, as science writer Ned Rozell accompanies permafrost researcher-and inveterate wanderer-Kenji Yoshikawa on a 750-mile trek by snowmobile through the Alaska wilderness. Along the way, Rozell learns about Yoshikawa's fascinating life, from his boyhood in Tokyo to the youthful wanderlust that led him to push a wheeled cart across the Sahara, ski to the South Pole, and take a sailboat into the frozen reaches of the Arctic Ocean, spending a winter frozen in the ice near Barrow. It's an always on-the-move account of a man driven n 606 $aScientists$zJapan$vBiography 606 $aPermafrost$xResearch$zAlaska 607 $aAlaska$xClimate 608 $aElectronic books. 615 0$aScientists 615 0$aPermafrost$xResearch 676 $a551.3/84 700 $aRozell$b Ned$f1963-$0933109 801 0$bMiAaPQ 801 1$bMiAaPQ 801 2$bMiAaPQ 906 $aBOOK 912 $a9910460354203321 996 $aFinding Mars$92100233 997 $aUNINA